000 00274nam a22001337a 4500
003 SGT
020 _a9788121902984
082 _a330.0954
_bDAT
100 _aGAURAV DATT
245 _aINDIAN ECONOMY
260 _aN DELHI
_bS CHAND
_c2015
300 _a1045
942 _2ddc
_cBK
999 _c25143
_d25143